Κατάλογος Βιβλιοθηκών Mediterranean College

The Practice of Theory / Postculturalism, Cultural Politics, and Art History (Record no. 1857)

MARC details
000 -LEADER
fixed length control field 01041cam a22002054a 4500
005 - ΗΜΕΡΟΜΗΝΙΑ ΚΑΙ ΩΡΑ ΤΕΛΕΥΤΑΙΑΣ ΕΝΗΜΕΡΩΣΗΣ
Πεδίο ελέγχου 20250605164021.0
008 - FIXED-LENGTH DATA ELEMENTS--GENERAL INFORMATION
Πεδίο ελέγχου σταθερού μήκους 250528s ||||||||||||||||||||||||d
035 ## - SYSTEM CONTROL NUMBER
System control number 16346
020 ## - ISBN
ISBN 801481538
040 ## - ΠΗΓΗ ΚΑΤΑΛΟΓΟΓΡΑΦΗΣΗΣ
Φορέας πρωτότυπης καταλογογράφησης MC Athens Campus Library
Γλώσσα καταλογογράφησης Ελληνικά, Μοντέρνα (1453-)
Modifying agency MC Athens Campus Library
Κανόνες περιγραφικής καταλογογράφησης AACR2
245 1# - ΤΙΤΛΟΣ ΚΑΙ ΔΗΛΩΣΗ ΥΠΕΥΘΥΝΟΤΗΤΑΣ
Τίτλος The Practice of Theory / Postculturalism, Cultural Politics, and Art History
260 ## - PUBLICATION, DISTRIBUTION, ETC.
Name of publisher, distributor, etc. Cornell University Press,
Date of publication, distribution, etc. 1994
300 ## - PHYSICAL DESCRIPTION
Extent 158
505 0# - FORMATTED CONTENTS NOTE
Formatted contents note Preface, Introduction: History and Theory and Cultural Politics, Cultural Politics: Theory, Introduction, Representation, Ideology, Authorship, Cultural Politics: Practice, Panofsky's Melancholia, The Paradox of Mimesis, Seeing Through, Making Genius, Index.
520 ## - SUMMARY, ETC.
Summary, etc. Preface, Introduction: History and Theory and Cultural Politics, Cultural Politics: Theory, Introduction, Representation, Ideology, Authorship, Cultural Politics: Practice, Panofsky's Melancholia, The Paradox of Mimesis, Seeing Through, Making Genius, Index.
700 1# - ΠΡΟΣΘΕΤΗ ΑΝΑΓΡΑΦΗ--ΦΥΣΙΚΟ ΠΡΟΣΩΠΟ
Personal name Moxey Keith
9 (RLIN) 2439
942 ## - ADDED ENTRY ELEMENTS (KOHA)
Koha item type Books
Holdings
Τύπος τεκμηρίου Βιβλιοθήκη Τρέχουσα τοποθεσία Barcode Αριθμός εισαγωγής Ημερομηνία απόκτησης Ταξιθετικό σύμβολο Αριθμός αντιτύπου Κατάσταση απόσυρσης Κατάσταση χαμένου Κατάσταση κατεστραμμένου Μη δανεισμός Σύνολο δανεισμών Ημερομηνία τελευταίας εμφάνισης Η τιμή ισχύει από
Books MC Athens Campus Library MC Athens Campus Library 9780000018564 3437 05/06/2025 707/.2 MOX 1           05/06/2025 05/06/2025

MC Athens Campus Library
Πατησίων 94 & Κοδριγκτώνος 13, 104 34
Πελλήνης 8 & Πατησίων 107, 112 51
Τ: +30 210 8899600

MC Thessaloniki Campus Library
Ίωνος Δραγούμη 21, 54625 | Ίωνος Δραγούμη 15, 54625
Τ: +30 2310 287779 – Τ: +30 2314 440300